SUSTAINABLE FUTURES (Record no. 25525)
[ view plain ]
| 000 -LEADER | |
|---|---|
| fixed length control field | 00333nam a22001217a 4500 |
| 003 - CONTROL NUMBER IDENTIFIER | |
| control field | SGT |
| 082 ## - DEWEY DECIMAL CLASSIFICATION NUMBER | |
| Classification number | 330 |
| Item number | ULV |
| 100 ## - MAIN ENTRY--PERSONAL NAME | |
| Personal name | ULVILA MARKO |
| 245 ## - TITLE STATEMENT | |
| Title | SUSTAINABLE FUTURES |
| Remainder of title | REPLACING GROWTH IMPERATIVE AND HIERARCHIES WITH SUSTAINABLE WAYS |
| 260 ## - PUBLICATION, DISTRIBUTION, ETC. (IMPRINT) | |
| Place of publication, distribution, etc | FINLAND |
| Name of publisher, distributor, etc | MINISTRY OF FOREIGN AFFAIRS |
| Year of Publication | 2009 |
| 300 ## - PAGE DESCRIPTION | |
| No. of Pages | 248 |
| 942 ## - ADDED ENTRY ELEMENTS (KOHA) | |
| Source of classification or shelving scheme | Dewey Decimal Classification |
| Koha item type | Books |
| Withdrawn status | Lost status | Source of classification or shelving scheme | Damaged status | Not for loan | Collection code | Home library | Current library | Shelving location | Date acquired | SGTU | Total Checkouts | Full call number | Accession No. (Barcode) | Date last seen | Bill Date | Koha item type |
|---|---|---|---|---|---|---|---|---|---|---|---|---|---|---|---|---|
| Dewey Decimal Classification | Not For Loan | LAW | SGT Science & Social Sciences Library | SGT Science & Social Sciences Library | Reference Book | 28/12/2023 | SGTU | 330 ULV | FL3225 | 28/12/2023 | 28/12/2023 | Books |